000 00636nam a2200241Ia 4500
003 OSt
005 20220924114136.0
006 a|||||r|||| 00| 0
007 ta
008 220923b |||||||| |||| 00| 0 urd d
020 _c25.00
024 _a315306
037 _cTextual
040 _aARTS
_cARTS
_burd
041 _2urd
_aurd
082 _aO168,1N04,3, K9
100 _aMazhari Jameel
_9172078
245 0 _aIrfan-e-Jameel
260 _aAllahabad
_bAsghar Publications India
_c1969
650 _aURDU POETRY
942 _hO168,1N04,3, K9
_cTEXL
_2CC
999 _c392116
_d392116